| Tag |
First Indicator |
Second Indicator |
Subfields |
| LEADER |
00000cam a2200000 a 4500 |
| 001 |
in00000001969 |
| 007 |
he bmb024bbca |
| 008 |
981021s1994 dcua bb f000 0 eng d |
| 005 |
20230310162256.6 |
| 035 |
|
|
|a (OCoLC)40149256
|
| 035 |
|
|
|9 AJC2737AM
|
| 035 |
|
|
|a in00000001969
|
| 040 |
|
|
|d GPO
|d DLC
|d MvI
|d UtOrBLW
|
| 043 |
|
|
|a n-us---
|
| 049 |
|
|
|a UDOC
|
| 049 |
|
|
|a WWW
|
| 074 |
|
|
|a 0431-K (MF)
|
| 074 |
|
|
|a 0431-K (online)
|
| 086 |
0 |
|
|a EP 1.8:D 26/3
|
| 088 |
|
|
|a EPA/600/R-96/055
|
| 088 |
|
|
|a EPA QA/G-4
|
| 245 |
0 |
0 |
|a Guidance for the data quality objectives process.
|
| 264 |
|
1 |
|a Washington, DC :
|b U.S. Environmental Protection Agency, Office of Research and Development,
|c [1994]
|
| 300 |
|
|
|a iv, 68 pages :
|b illustrations ;
|c 28 cm.
|
| 336 |
|
|
|a text
|b txt
|2 rdacontent
|
| 337 |
|
|
|a microform
|b h
|2 rdamedia
|
| 338 |
|
|
|a microfiche
|b he
|2 rdacarrier
|
| 500 |
|
|
|a Cover title.
|
| 500 |
|
|
|a Shipping list number: 98-1129-M.
|
| 500 |
|
|
|a "September 1994."
|
| 504 |
|
|
|a Includes bibliographical references (pages 41-42).
|
| 500 |
|
|
|a "EPA/600/R-96/055."
|
| 500 |
|
|
|a "EPA QA/G-4."
|
| 533 |
|
|
|a Microfiche.
|b [Washington, D.C.] :
|c Supt. of Docs., U.S. G.P.O.,
|d [1998]
|e 1 microfiche : negative.
|7 s1998 dcun b
|
| 530 |
|
|
|a Also available via Internet from the EPA web site (PDF file only).
|
| 500 |
|
|
|a Microform.
|
| 610 |
1 |
0 |
|a United States.
|b Environmental Protection Agency
|x Data processing.
|
| 650 |
|
0 |
|a Environmental protection
|z United States
|x Data processing.
|
| 710 |
1 |
|
|a United States.
|b Environmental Protection Agency.
|b Office of Research and Development.
|
| 856 |
4 |
1 |
|u https://purl.fdlp.gov/GPO/LPS2151
|z Adobe Acrobat Reader required to view document
|t 0
|
| 999 |
|
|
|a MARS
|
| 999 |
f |
f |
|i 656e9a1b-79dc-3a5e-ad54-1a3e321d1708
|s b2476b36-1a92-3714-99b0-b9b83b4afbc4
|t 0
|
| 952 |
f |
f |
|p normal
|a Texas A&M University
|b College Station
|c Sterling C. Evans Library
|d Evans: US Documents Microfiche (3rd floor)
|t 0
|e EP 1.8:D 26/3
|h Superintendent of Documents classification
|i microform -- microfiche
|m A14838248794
|
| 952 |
f |
f |
|a Texas A&M University
|b College Station
|c Electronic Resources
|d Available Online
|t 0
|e EP 1.8:D 26/3
|h Superintendent of Documents classification
|
| 998 |
f |
f |
|a EP 1.8:D 26/3
|t 0
|l Evans: US Documents Microfiche (3rd floor)
|
| 998 |
f |
f |
|a EP 1.8:D 26/3
|t 0
|l Available Online
|